| 000 | 01553nam a2200373 c 4500 | ||
|---|---|---|---|
| 003 | BLK | ||
| 005 | 20250119004132.0 | ||
| 008 | 180411b bul|||||r ||||||| ||bul|| | ||
| 010 | _aKNG00195354000 | ||
| 040 | _aBLK | ||
| 041 |
_aBUL _cBUL |
||
| 080 |
_aБългария през Втората световна война (1939-1944) _b94(497.2)"1939/1944" _x(093.3) _z94(497.2)"1939/1944"(093.3) |
||
| 100 | 1 |
_aМошанов, Стойчо _eпърви автор _999397 |
|
| 700 | 1 |
_aДимитров, Илчо _eпод общ. ред. на _9364948 |
|
| 700 | 1 |
_aСвирачев, Петър _eсъстав. _9337286 |
|
| 139 |
_aМошанов, Стойчо _bМ 93 |
||
| 245 | 1 | 0 |
_aМоята мисия в Кайро _bСпомени _cСтойчо Мошанов; под общ. ред. на Илчо Димитров; състав. Петър Свирачев. |
| 257 | _aBGR | ||
| 260 |
_аСофия _bБълг. писател _bПетекс _c1991 |
||
| 300 |
_a432 с. _c20 см |
||
| 380 | _a9 | ||
| 500 | _a15 000 тир. - Именен показалец. | ||
| 650 | 0 |
_aБългария - история, нова - спомени _9243137 |
|
| 653 | _aбългарска история | ||
| 653 | _aнова история | ||
| 653 | _aспомени | ||
| 653 | _aмемоари | ||
| 852 | _aЦб 167539 | ||
| 856 | 4 |
_qpdf _u |
|
| 856 | 4 |
_qpdf _u |
|
| 942 |
_cKNG _n0 _01 |
||
| 944 |
_aCR _c07.11.2016 _lCRON CRON _k |
||
| 944 |
_aED _c14.03.2017 _lф / _kЛюдмила_Стоянова |
||
| 999 |
_c186360 _d186360 |
||